A TEXTBOOK OF PHARMACEUTICAL MICROBIOLOGY (Record no. 5807)

MARC details
000 -LEADER
fixed length control field 00413nam a22001697a 4500
005 - DATE AND TIME OF LATEST TRANSACTION
control field 20240124150551.0
008 - FIXED-LENGTH DATA ELEMENTS--GENERAL INFORMATION
fixed length control field 190405b xxu||||| |||| 00| 0 eng d
020 ## - INTERNATIONAL STANDARD BOOK NUMBER
ISBN 978-93-88194-14-3
041 ## - LANGUAGE CODE
Language code of text/sound track or separate title eng
100 ## - MAIN ENTRY--AUTHOR NAME
Personal name DAS, DR.KUNTAL,
245 ## - TITLE STATEMENT
Title A TEXTBOOK OF PHARMACEUTICAL MICROBIOLOGY
250 ## - EDITION STATEMENT
Edition statement 2nd ,2019
260 ## - PUBLICATION, DISTRIBUTION, ETC. (IMPRINT)
Place of publication pune
Name of publisher NIRALI PRAKASHAN
300 ## - PHYSICAL DESCRIPTION
Number of Pages R.1 p,
650 ## - SUBJECT ADDED ENTRY--TOPICAL TERM
Topical Term pharmacy
942 ## - ADDED ENTRY ELEMENTS (KOHA)
Koha item type Books
Holdings
Lost status Damaged status Collection code Home library Current library Shelving location Date acquired Source of acquisition Cost, normal purchase price Full call number Accession Number Koha item type
    Reference JRU Library JRU Library SHELF-5-D 05/04/2019 PURCHESS 175.00 616.01 22563 Books
    PHARMACY JRU Library JRU Library SHELF-17-G 05/04/2019 PURCHESS 175.00 616.01 22564 Books
    PHARMACY JRU Library JRU Library SHELF-17-G 05/04/2019 PURCHESS 175.00 616.01 22565 Books